Alle Ergebnisse der Euro 2024 - Statistiken

Allgemein
  • Dieses Quiz wurde 93 mal gespielt
  • Das Durchschnittsergebnis liegt bei 35 aus 51
Antwortstatistiken
Round 1st Team Scoreline 2nd Team % Korrekt
Round 1 Deutschland 5-1 Schottland
97%
Round 1 Ungarn 1-3 Schweiz
82%
Round 1 Spanien 3-0 Kroatien
82%
Round 1 Italien 2-1 Albanien
78%
Round 3 Schweiz 1-1 Deutschland
75%
Round 1 Polen 1-2 Niederlande
75%
Round 2 Deutschland 2-0 Ungarn
75%
Quarter-finals Spanien 2-1 Deutschland
74%
Final Spanien 2-1 England
74%
Round 1 Serbien 0-1 England
72%
Round 1 Österreich 0-1 Frankreich
72%
Semi-finals Niederlande 1-2 England
72%
Round of 16 Deutschland 2-0 Dänemark
72%
Round 1 Portugal 2-1 Tschechien
72%
Semi-finals Spanien 2-1 Frankreich
72%
Round 1 Rumänien 3-0 Ukraine
72%
Round 1 Türkei 3-1 Georgien
72%
Round 1 Slowenien 1-1 Dänemark
71%
Round 2 Schottland 1-1 Schweiz
71%
Round 1 Belgien 0-1 Slowakei
70%
Round of 16 Frankreich 1-0 Belgien
68%
Round 2 Dänemark 1-1 England
68%
Round 3 Kroatien 1-1 Italien
68%
Round of 16 Österreich 1-2 Türkei
68%
Round 2 Polen 1-3 Österreich
68%
Quarter-finals Niederlande 2-1 Türkei
68%
Round 2 Kroatien 2-2 Albanien
68%
Round of 16 Spanien 4-1 Georgien
68%
Round 3 Albanien 0-1 Spanien
67%
Round 2 Slowenien 1-1 Serbien
67%
Round 3 Frankreich 1-1 Polen
67%
Round of 16 England 2-1 Slowakei
67%
Round 3 Schottland 0-1 Ungarn
66%
Round 2 Spanien 1-0 Italien
66%
Round 3 Georgien 2-0 Portugal
66%
Round 2 Niederlande 0-0 Frankreich
64%
Round of 16 Rumänien 0-3 Niederlande
64%
Round 2 Slowakei 1-2 Ukraine
64%
Round of 16 Schweiz 2-0 Italien
64%
Round 2 Türkei 0-3 Portugal
63%
Round 2 Georgien 1-1 Tschechien
63%
Round 3 Tschechien 1-2 Türkei
63%
Round 3 Dänemark 0-0 Serbien
62%
Round 3 England 0-0 Slowenien
62%
Round 2 Belgien 2-0 Rumänien
61%
Round 3 Ukraine 0-0 Belgien
59%
Round 3 Slowakei 1-1 Rumänien
59%
Round 3 Niederlande 2-3 Österreich
59%
Round of 16 Portugal 0-0 Slowenien
57%
Quarter-finals Portugal 0-0 Frankreich
57%
Quarter-finals England 1-1 Schweiz
57%
Keine übereinstimmenden Quizze gefunden
Verteilung der Resultate
Anzahl Personen mit jedem Resultat
Perzentil nach korrekt beantworteten Fragen
Ihre Resultats-Entwicklung
Sie haben dieses Quiz noch nicht gespielt